00401nam a2200157Ia 45000010006000000050017000060080041000230410008000640820013000721000026000852450079001112600009001903000028001996500008002276540008002351094420260306161909.0260306t2007||||xx |||||||||||||| ||spa|| aESP a983bU61 aRíos B., WaldoeAUT 0aLa Universidad de Tarapacá de Arica en la región de Arica y Parinacota c2007 a114 páginas :c24 cm. aGEN aCHU